Yakınçağ dönemi (Record no. 1937)

MARC details
000 -BAŞLIK
Sabit Uzunlukta Kontrol Alanı 00696na a2200241 4500
001 - KONTROL NUMARASI
Denetim Alanı 14243
003 - KONTROL NUMARASI IDENTIFIER
Denetim Alanı MIRAKIL
005 - SON İŞLEM TARİHİ VE ZAMANI
Denetim Alanı 20181213154839.0
008 - SABİT-BOY VERİ ELEMANLARI - GENEL BİLGİLER
Sabit Uzunlukta Kontrol Alanı 160831b tu 000 0
020 ## - ULUSLARARASI STANDART KİTAP NUMARASI
Uluslararası Standart Kitap Numarası 9789752673229
040 ## - KATALOGLAMA KAYNAK
Orijinal Kataloglama Ajansı Milas
Kataloglama Dili tur
Metne Dönüştürmek Ajansı TR-AnCHP
082 ## - DEWEY ONLU SINIFLANDIRMA NUMARASI
Sınıflandırma Numarası 940
Ürün Numarası A42y 2010
090 ## - SINIFLAMA NUMARASI
Sınıflama Numarası 940.2 A42y 2010
100 ## - ANA GİRİŞ - KİŞİSEL İSİM
Kişisel Ad Akdağ, Mustafa
245 ## - BAŞLIK TABLOSU
Başlık Yakınçağ dönemi
Başlığın Kalan Avrupa tarihi
Sorumluluk Tablosu, Vb Mustafa Akdağ ; editör: Selda Kaya Kılıç
246 ## - UNVAN FORM VARYING
Başlık Doğru / Kısa Başlığı Avrupa tarihi
260 ## - YAYIN, DAĞITIM, VB
Yayın, Dağıtım, Vb Yeri Ankara
Yayıncı, Dağıtıcı, Vs Adı Berikan Yayınevi
Yayın, Dağıtım, Vb Tarihi 2010
300 ## - FİZİKSEL TANIM
Kapsam 247 s.
Boyutlar 23 sm.
504 ## - KAYNAKÇA VB NOT
Kaynakça Vb Notu Kaynakça ve dizin var.
650 ## - KONU KATMA GİRİŞ - TOPİKAL DÖNEM
Topikal Süreli Veya Coğrafi Ad Giriş Elemanı Avrupa tarihi
Genel Alt Bölümü Yakınçağ dönemi
700 ## - KATMA GİRİŞ - KİŞİSEL İSİM
Kişisel Ad Kılıç, Selda Kaya
942 ## - EKLENDİ GİRİŞ ELEMANLARI (KOHA)
Sınıflandırma Veya Raf Düzeni Kaynak Dewey Decimal Classification
Koha Öğesi Türü Books
999 ## - SİSTEM KONTROL NUMARALARI (KOHA)
Koha Biblionumber 1937
Koha Biblioitemnumber 1937
Holdings
Kalıcı Konum Mevcut Konum Edinme Tarihi Edinim Kaynak Toplam Check-Out'Lar Tam Çağrı Numarası Barkod Tarih Son Görülme Tarihi Geçen Teslim İtibaren Geçerli Fiyatlar Koha Öğesi Türü
CHP Kütüphanesi CHP Kütüphanesi 08/25/2016 Bağış 1 940.2 A42y 2010 001857 04/15/2021 03/04/2021 08/25/2016 Books